Top 10 International Football Teams - Statistics

General Stats
  • This quiz has been taken 29 times
  • The average score is 7 of 10
Answers on the Grid
Answers color-coded by a green-red scale on the quiz's grid according to % correct below.
Spain
Argentina
Senegal
Portugal
Belgium
Switzerland
France
USA
Germany
Croatia
England
Italy
Colombia
Morocco
Netherlands
Mexico
Uruguay
Brazil
Denmark
Japan
 
Answer Stats
Answer % Correct
Argentina
91%
Spain
91%
France
77%
England
73%
Brazil
68%
Germany
68%
Portugal
68%
Belgium
50%
Netherlands
45%
Morocco
18%
No matching quizzes found
Score Distribution
Percent of People with Each Score
Percentile by Number Answered
Your Score History
You have not taken this quiz